000 00545nam a22001697a 4500
005 20251108173219.0
008 250721s2004 xx 000 0 ara d
082 1 4 _a634.6095694/فرج
100 1 _aفرج، كريم محمد
245 1 0 _aنخيل التمر كعلم و ثقافة و تراث /
264 1 _aالعين :
_bمركز زايد للتراث و التاريخ،
_c2004.
300 _a334ص
650 1 7 _aالإمارات العربية المتحدة
650 1 7 _aنخيل البلح
942 _2ddc
_cBK
999 _c98697
_d98697